Statistics for Interstate I-90 Cities

Click here to take the quiz!

General Stats

  • This quiz has been taken 187 times
  • The average score is 19 of 22

Answer Stats

State% Correct
Seattle
95%
Chicago
94%
New York
92%
Ohio
92%
Illinois
91%
Washington
91%
Boston
90%
Indiana
90%
Montana
90%
Idaho
88%
South Dakota
88%
Cleveland
86%
Massachusetts
86%
Pennsylvania
86%
Wisconsin
86%
Minnesota
83%
Wyoming
80%
Buffalo
76%
Madison
75%
Albany
73%
Spokane
68%
Sioux Falls
54%

Score Distribution

Percentile by Number Answered

Percent of People with Each Score

Your Score History

You have not taken this quiz